|
|
|
|
| LEADER |
006030000a22002050004500 |
| 015 |
|
|
|a M
|
| 020 |
|
|
|a 81-7036-892-8
|
| 041 |
|
|
|a eng
|
| 082 |
|
|
|a 384.550 954 P0
|
| 100 |
|
|
|a Johnson, Kirk
|
| 245 |
|
|
|a Television and social change in rural India
|
| 260 |
|
|
|a New Delhi, Sage publications
|
| 260 |
|
|
|c 2000
|
| 650 |
|
|
|a India
|
| 650 |
|
|
|a Social aspects
|
| 650 |
|
|
|a Social conditions
|
| 650 |
|
|
|a Television broadcasting
|
| 942 |
|
|
|c BK
|
| 999 |
|
|
|c 138958
|d 138954
|
| 952 |
|
|
|0 0
|1 0
|4 0
|6 384_550000000000000_954_P0
|7 0
|9 137740
|a SIRP
|b SIRP
|d 2017-10-05
|l 0
|o 384.550 954 P0
|p SIRP03602
|r 2017-10-05
|w 2017-10-05
|y BK
|